Introducción a la fenomenología de Husserl
Guardat en:
| Autor principal: | |
|---|---|
| Format: | Llibre |
| Idioma: | espanyol |
| Publicat: |
Buenos Aires
Amorrortu
1973
|
| Col·lecció: | Biblioteca de filosofía, antropología y religión
|
| Matèries: | |
| Etiquetes: |
Afegir etiqueta
Sense etiquetes, Sigues el primer a etiquetar aquest registre!
|
MARC
| LEADER | 00000nam a2200000 a 4500 | ||
|---|---|---|---|
| 001 | UCY4541 | ||
| 003 | CL-VaPUC | ||
| 005 | 20240820103255.0 | ||
| 008 | 950316e19730000AG |||||||||||||||||spa|d | ||
| 999 | |c 232373 |d 232371 | ||
| 040 | |c Pontificia Universidad Católica de Valparaíso | ||
| 082 | 0 | 4 | |a 142.7 |b SZI |2 21 |
| 100 | 0 | |a Szilasi, Wilhelm |e author |9 333023 | |
| 245 | 1 | 0 | |a Introducción a la fenomenología de Husserl |
| 260 | |a Buenos Aires |b Amorrortu |c 1973 | ||
| 300 | |a 181 p | ||
| 490 | 0 | |a Biblioteca de filosofía, antropología y religión | |
| 583 | |a last modification |c 19950316 00:00:00 |k Rodrigo Vera | ||
| 600 | |a Husserl, Edmund |d 1859-1938 |9 575718 | ||
| 650 | 0 | |a Fenomenología |9 256519 | |
| 650 | 0 | |a Crítica e interpretación |9 255042 | |
| 852 | |a BIBCUR | ||
| 942 | |c BK |2 ddc | ||
| 945 | |d 19950316 00:00:00 |a aalvarez | ||
| 952 | |0 0 |1 0 |4 0 |6 142_700000000000000_SZI_1973 |7 0 |8 A |9 236577 |a BIBEDU |b BIBEDU |d 2019-11-15 |i 3066959 |l 3 |m 1 |o 142.7 SZI 1973 |p 3066959 |r 2024-11-21 |s 2024-11-14 |w 2019-11-15 |y BK |k FIL | ||